| 000 | 00906nam a2200217Ii 4500 | ||
|---|---|---|---|
| 003 | JO-AjNU | ||
| 008 | 230605s9999||||xx |||||||||||||| ||und|| | ||
| 017 | _a1995/1/63 | ||
| 040 |
_aJO-AjNU _bara _erda _cJO-AjNU |
||
| 041 | _aara | ||
| 050 | 1 | 4 | _aKMM51.N5488.2006 |
| 100 | 3 |
_aنجم ، محمد صبحي , _eauthor _925084 |
|
| 245 | 0 | 0 | _aقانون العقوبات : القسم الخاص، الجرائم المخلة بالمصلحة العامة والثقة العامة والجرائم الواقعة على الأموال وملحقاتها |
| 250 | _aط1 | ||
| 264 | 3 | 1 | _aعمان : دار الثقافة ، 1995 |
| 300 |
_a352ص _bيشتمل على قائمة المراجع (347-350) |
||
| 336 |
_atext _btxt _2rdacontent |
||
| 337 |
_aunmediated _bn _2rdamedia |
||
| 338 |
_avolume _bnc _2rdacarrier |
||
| 650 | 4 |
_aالعلوم الاجتماعية -- القانون المدني _925085 |
|
| 999 |
_aA9336 _c12904 _d12904 |
||